Erotismo y sociedad de consumo / (Record no. 137710)

MARC details
000 -LEADER
campo de control de longitud fija 00673nam a2200241 i 4500
001 - NÚMERO DE CONTROL
campo de control 137710
003 - IDENTIFICADOR DE NÚMERO DE CONTROL
campo de control ES-MaACL
005 - FECHA Y HORA DE LA ÚLTIMA TRANSACCIÓN
campo de control 20250818053257.0
007 - CAMPO FIJO DE DESCRIPCIÓN FÍSICA--INFORMACIÓN GENERAL
campo de control de longitud fija t|
008 - DATOS DE LONGITUD FIJA--INFORMACIÓN GENERAL
campo de control de longitud fija 070214s1971 sp 00110 spa d
080 ## - NÚMERO DE LA CLASIFICACIÓN DECIMAL UNIVERSAL
Número de la Clasificación Decimal Universal 612.6.06
100 1# - ENTRADA PRINCIPAL--NOMBRE DE PERSONA
Nombre de persona Salgado, Enrique.
9 (RLIN) 101895
245 10 - MENCIÓN DEL TÍTULO
Título Erotismo y sociedad de consumo /
Mención de responsabilidad, etc. Dr. Enrique Salgado.
250 ## - MENCION DE EDICION
Mención de edición 1ª ed.
260 ## - PUBLICACIÓN, DISTRIBUCIÓN, ETC.
Lugar de publicación, distribución, etc. Barcelona :
Nombre del editor, distribuidor, etc. Ed. 29,
Fecha de publicación, distribución, etc. 1971 (
Lugar de fabricación/manufactura Valencia :
Fabricante S. Durá)
300 ## - DESCRIPCIÓN FÍSICA
Extensión 260 p. ;
Dimensiones 18 cm.
490 1# - MENCIÓN DE SERIE
Mención de serie El acceso ;
Designación de volumen o secuencia 3
650 #7 - PUNTO DE ACCESO ADICIONAL DE MATERIA--TÉRMINO DE MATERIA
Término de materia o nombre geográfico como elemento de entrada Erotismo
Fuente del encabezamiento o término embne
9 (RLIN) 171042
830 1# - PUNTO DE ACCESO ADICIONAL DE SERIE-TÍTULO UNIFORME
Título uniforme El acceso ;
Designación de volumen o secuencia 3
9 (RLIN) 187086
852 4# - LOCALIZACIÓN
Ubicación ES-MaACL
Número de control de estantería C-45458
852 4# - LOCALIZACIÓN
Ubicación ES-MaACL
Número de control de estantería C-48574
Holdings
Estatus retirado Estado de pérdida Estado de daño No para préstamo Biblioteca de origen Biblioteca actual Ubicación en estantería Fecha de adquisición Fuente de adquisición Total de préstamos Signatura topográfica completa Código de barras Visto por última vez Precio de reemplazo Tipo de ítem Koha
        Biblioteca del Ateneo de Madrid Biblioteca del Ateneo de Madrid Depósito 2 01/04/2022     C-48574 1202889 23/02/2023 23/02/2023 Libro impreso
        Biblioteca del Ateneo de Madrid Biblioteca del Ateneo de Madrid Depósito 2 17/01/2008     C-45458 1143305 23/02/2023 23/02/2023 Libro impreso